|
|
|
|
| LEADER |
00953nab a2200265 i 4500 |
| 001 |
misc68085 |
| 005 |
20230112151215.0 |
| 008 |
220706s1962 hu o 0|| fre d |
| 022 |
|
|
|a 1216-8076
|
| 040 |
|
|
|a SZTE Miscellanea Repozitórium
|b hun
|
| 041 |
|
|
|a fre
|
| 041 |
|
|
|a rus
|
| 041 |
|
|
|a fiu
|
| 100 |
1 |
|
|a Lakó György
|
| 245 |
1 |
0 |
|a Emploi du prosécutif et du transitif dans les langues permiennes, l'origine de leurs désinences casuelles
|h [elektronikus dokumentum] /
|c Lakó György
|
| 260 |
|
|
|c 1962
|
| 300 |
|
|
|a 347-371
|c 24 cm
|
| 300 |
|
|
|a [25] p.
|c 24 cm
|
| 490 |
0 |
|
|a Acta Linguistica Academiae Scientiarum Hungaricae;Acta linguistica Hungarica : an international journal of linguistics
|
| 561 |
|
|
|a Németh Gyula hagyaték
|
| 591 |
|
|
|a OU 3086
|
| 650 |
|
4 |
|a Bölcsészettudományok
|
| 650 |
|
4 |
|a Nyelvek és irodalom
|
| 695 |
|
|
|a Permi nyelvek
|
| 856 |
4 |
0 |
|u http://misc.bibl.u-szeged.hu/68085/1/3086_ou_l18.pdf
|z Dokumentum-elérés
|